| Tag |
First Indicator |
Second Indicator |
Subfields |
| LEADER |
00000cam a2200000 a 4500 |
| 001 |
in00001284039 |
| 005 |
20151004062202.0 |
| 008 |
950804s1996 nyua b s001 0 eng |
| 010 |
|
|
|a 95037010
|
| 020 |
|
|
|a 0814746780 (cloth : alk. paper)
|
| 020 |
|
|
|a 0814746799 (pbk. : alk. paper)
|
| 035 |
|
|
|a (OCoLC)33043889
|
| 035 |
|
|
|9 AGX6125AM
|
| 040 |
|
|
|a DLC
|c DLC
|d C#P
|d TXA
|d UtOrBLW
|
| 049 |
|
|
|a TXAM
|
| 050 |
0 |
0 |
|a HT151
|b .R349 1996
|
| 082 |
0 |
0 |
|a 307.76
|2 20
|
| 245 |
0 |
0 |
|a Re-presenting the city :
|b ethnicity, capital and culture in the 21st-century metropolis /
|c edited by Anthony D. King.
|
| 246 |
3 |
|
|a Representing the city
|
| 264 |
|
1 |
|a Washington Square, N.Y. :
|b New York University Press,
|c 1996.
|
| 300 |
|
|
|a ix, 282 pages :
|b illustrations ;
|c 25 cm.
|
| 336 |
|
|
|a text
|b txt
|2 rdacontent
|
| 337 |
|
|
|a unmediated
|b n
|2 rdamedia
|
| 338 |
|
|
|a volume
|b nc
|2 rdacarrier
|
| 504 |
|
|
|a Includes bibliographical references and index.
|
| 650 |
|
0 |
|a Sociology, Urban.
|
| 650 |
|
0 |
|a City planning.
|
| 650 |
|
0 |
|a Urban renewal.
|
| 700 |
1 |
|
|a King, Anthony D.
|
| 999 |
|
|
|a MARS
|
| 999 |
f |
f |
|s c72d3e79-c712-3e12-8545-f918f3650beb
|i 96a2a69a-4605-3ecc-99cc-8083d42a2d7f
|t 0
|
| 952 |
f |
f |
|p ric
|a Texas A&M University
|b Rellis Campus
|c Joint Library Facility
|d Remote Storage
|t 0
|e HT151 .R349 1996
|h Library of Congress classification
|i unmediated -- volume
|m A14819825472
|
| 998 |
f |
f |
|a HT151 .R349 1996
|t 0
|l Remote Storage
|